Представление документа в формате RUSMARC

ПолеНазваниеЗначение
  Тип записи a
  Библиографический уровень a
001 Контрольный номер RU/УОНБ/EK_KRAY/320916923
005 Дата корректировки 20250324122430.8
100 Данные общей обработки __
a Данные общей обработки 20090203d2009 u u0rusy0103 ba
101 Язык документа 0_
a Язык текста rus
200 Заглавие и сведения об ответственности 1_
a Заглавие О пчеловодстве Российской Империи в XIX веке
f Первые сведения об ответственности А. И. Рыжиков
210 Выходные данные 1_
d Дата издания 2009
330 Аннотация __
a Аннотация Краткие сведения по губерниям, в том числе - Симбирская губерния.
461 Уровень набора _0
1 2001
a Пчеловодство
463 Уровень физической единицы _0
1 2000
a № 1.
v С. 54-56.
1 210
d 2009
607 Географические рубрики 0_
a Географическое наименование Симбирская губерния
610 Ключевые слова 0_
a Ключевые слова пчеловодство
686 Индексы других классификаций __
a Классификационный индекс 65.832
2 Код системы rubbk
700 Автор _1
a Фамилия Рыжиков
b Имя (инициалы) А.И.
801 Источник записи _0
a Страна RU
b Организация Ульяновская ОНБ
c Дата составления 20090203
g Правила каталогизации PSBO
801 Источник записи _1
a Страна RU
b Организация Ульяновская ОНБ
c Дата составления 20090203
901 Тип документа __
t Тип документа b
938 Служебная информация __
a Имя БД kraeved_work
b Имя библиотеки УОНБ
c Имя АИБС МАРК-SQL
d Номер DOC_ID в БД 60829